Zhorel jeden hektár lesa

Bibliographic Details
Main Author: Haľko, Vladimír (Author)
Format: Article
Language:Slovak
Subjects:

MARC

LEADER 00000nab a2200000 a 4500
001 vtls001030375
003 SK-MaSNL
005 20260303035655.0
008 040720e20020404xo 0 slo
035 |a SL8929 
040 |a SLLK  |b slo  |c SLLK  |e AACR2 
041 0 |a slo 
044 |a xo  |c SK 
080 |a 630*43  |2 1981 
100 1 |a Haľko, Vladimír  |4 aut  |9 1022672 
245 1 0 |a Zhorel jeden hektár lesa 
650 0 7 |a lesné požiare  |2 SLLK  |9 29136 
650 0 7 |a škody vyčíslené  |2 SLLK  |9 1022525 
650 0 7 |a informácie  |2 SLLK  |9 1285 
651 7 |a Hniezdne (Slovensko)  |2 SLLK  |9 31537 
651 7 |a SL,  |2 SLLK  |9 1022390 
655 7 |a periodikum  |2 snkbucl  |9 29553 
773 0 8 |t Ľubovnianske noviny  |g Roč. 28, č.14, 4.4.2002, s. 2 
852 |a ZVYKNI  |b KIS3GCP 
999 |c 1678429  |d 1680359